Classement perpétuel du National (1993- ) - Statistiques

Statistiques générales
  • Ce quiz a été pris 30 fois
  • Le résultat moyen est 66 sur 126
Statistiques - réponses
# Saisons jouées Points Club % Correct
10 11 543 AS Red Star / Red Star FC
96%
125 0 0 FC Sochaux-Montbéliard
92%
1 17 838 Paris FC
92%
20 8 426 US Valenciennes-Anzin / Valenciennes FC
92%
32 7 350 FC Martigues
88%
12 9 514 Nîmes Olympique
88%
73 2 157 SC Bastia
88%
17 9 440 USL Dunkerque
88%
95 1 77 AC Ajaccio
84%
16 8 453 Amiens SC
84%
111 1 41 AS Nancy-Lorraine
84%
58 4 227 Chamois Niortais FC
84%
27 7 367 FC Rouen
84%
63 4 200 Le Mans FC
84%
21 8 425 US Orléans
84%
101 1 70 FC Metz
84%
18 8 435 Stade Lavallois MFC
84%
36 6 307 Tours FC
84%
81 3 127 AC Arles / AC Arles-Avignon
80%
19 8 432 Angers SCO
80%
44 4 284 Clermont Foot 63
80%
31 7 353 CS Sedan-Ardennes
80%
3 16 695 Pau FC
80%
56 4 235 RC Strasbourg
80%
72 4 169 AS Béziers
76%
29 8 356 CF Dijon / Dijon FCO
76%
80 2 134 EA Guingamp
76%
85 2 106 FC Annecy
76%
13 10 507 FC Istres
76%
91 2 86 FC Lorient
76%
112 1 40 FC Mulhouse
76%
59 4 226 Football Croix-de-Savoie / Olympique Croix-de-Savoie 74 / Évian Thonon Gaillard FC
76%
47 5 270 Olympique Grenoble Isère / Grenoble Foot 38
76%
30 8 356 Stade Brestois 29
76%
34 5 337 Stade de Reims
76%
97 1 74 Toulouse FC
76%
51 6 255 US Quevilly / US Quevilly-Rouen-Métropole
76%
38 8 292 SA Spinalien
72%
23 9 409 FC Bourg-Péronnas / Football Bourg-en-Bresse-Péronnas 01
72%
25 8 382 Rodez AF
72%
55 6 238 Sporting Toulon Var / SC Toulon
72%
6 13 607 US Boulogne CO
72%
35 7 325 US Concarneau
72%
2 17 825 US Créteil-Lusitanos
72%
117 1 34 US Roye
72%
8 10 563 AS Cannes
68%
66 3 192 ASOA Valence
68%
57 6 231 La Roche-sur-Yon VF
68%
64 4 200 Stade briochin
68%
15 11 454 AS Cherbourg
64%
40 7 291 AS Lyon-Duchère / SC Lyon / Lyon-La Duchère
64%
52 5 252 LB Châteauroux
64%
54 6 242 SO Cholet
64%
5 13 625 FC Sète 34
64%
45 6 281 SR Colmar
64%
37 6 302 Vannes OC
64%
83 3 117 Vendée Les Herbiers Football
64%
14 9 477 AS Beauvais
60%
106 1 51 FC Versailles 78
60%
69 4 185 GS Consolat
60%
113 1 39 Perpignan FC
60%
78 4 136 Stade Quimpérois
60%
24 9 393 AS Angoulême Charente
56%
49 6 262 Aviron Bayonnais FC
56%
22 10 424 Besançon RC
56%
89 2 89 FC Bourges
56%
4 14 681 GFCO Ajaccio / Gazélec FC Ajaccio
56%
11 13 526 US Avranches MSM
52%
41 8 288 CA Bastia / FC Bastia-Borgo / FC Borgo
52%
105 2 58 Le Puy Football 43 Auvergne
52%
74 3 146 Stade Poitevin
52%
98 2 72 ASM Belfort
48%
53 5 249 FC Villefranche Beaujolais
48%
126 0 0 GOAL FC
48%
118 1 34 Marignane Gignac FC
48%
84 3 106 Calais RUFC
48%
7 13 588 ÉS Fréjus / ÉFC Fréjus Saint-Raphaël
48%
103 2 58 SCO Roubaix
48%
75 3 143 Vendée Luçon Football
48%
71 3 172 Association Troyes AC / ES Troyes AC
44%
48 6 266 FC Chambly Thelle / FC Chambly Oise
44%
61 4 211 FC Libourne-Saint-Seurin
44%
65 4 196 Olympique d'Alès en Cévennes
44%
86 3 105 FC Gueugnon
40%
116 1 35 Hyères FC
40%
50 5 258 US Luzenac / Luzenac AP
40%
99 2 70 AS Saint-Priest
36%
67 4 190 ES Wasquehal
36%
119 1 31 Paris 13 Atletico
36%
94 2 79 AS Moulins
32%
9 12 552 CS Louhans-Cuiseaux
32%
68 4 188 Le Poiré-sur-Vie VF
32%
28 8 358 Entente Sannois-Saint-Gratien
28%
88 3 102 ESA Brive
28%
62 5 204 FC Saint-Leu / Saint-Denis-Saint-Leu FC
28%
109 1 43 Gap HAFC
28%
39 6 292 SO Romorantin
28%
79 4 135 AS Évry
24%
107 2 50 FCSR Haguenau
24%
115 1 38 Stade Montois
24%
100 2 70 US Colomiers
24%
120 1 29 AS Yzeure
20%
102 2 66 ES Uzès Pont du Gard
20%
122 1 26 JA Drancy
20%
90 2 87 Stade Plabennecois
20%
87 2 104 USJA Carquefou
20%
93 2 82 SO Cassis Carnoux
16%
60 6 215 SO Châtellerault
16%
70 4 178 US Lusitanos Saint-Maur
16%
108 1 47 ES Vitrolles
12%
43 7 286 Thouars Foot 79
12%
82 3 125 Trélissac FC
12%
42 7 287 US Raon L'Étape
12%
96 3 74 AS Muret
8%
76 4 141 CM Aubervilliers
8%
114 1 39 ES Viry-Châtillon
8%
26 9 372 Olympique Noisy-le-Sec Banlieue 93
8%
46 6 273 Pacy VEF
8%
123 1 21 RC Ancenis
8%
33 7 343 RC France Football
8%
124 1 17 Stade Beaucairois
8%
121 1 28 UJA Alfortville
8%
92 2 86 FA Île-Rousse / FA Île-Rousse-Monticello
4%
110 1 41 Villemomble Sports
4%
104 2 58 Stade de Vallauris
0%
77 4 140 US Fécamp
0%
Aucun quiz correspondant
Distribution des résultats
% des personnes avec chaque résultat
Percentile par nombre de réponses
Votre historique - résultats
Vous n’avez pas pris ce quiz